00731nam a22002297a 4500003000500000005001700005008004100022010001000063011001000073035001000083040000900093082001500102100002000117245017000137260006300307300002000370650003100390650002200421650002100443700002800464710000900492CHAP20220817042539.0971013s1987 r 00010 d a47781 a48753 a52899 cCHAP a634.9bR4700aReynel, Carlos. aAgroforestación tradicional en los Andes del Perúb: un inventario de tecnologías y especies para la integración de la vegetación leñosa a la agricultura a(Lima) :bInstituto Nacional Forestal y de la Fauna,c1987 a154 p.b: ilus.14aAgricultura y ganadería.14aAgroforestería.14aBosquesxPerú.0 aFelipe-Morales, Carmen.0 aFAO.